000 00441nam a22001697a 4500
003 OSt
005 20210909161923.0
008 210909b |||||||| |||| 00| 0 eng d
020 _a0-8273-5595-5
040 _aDDC
_cHU
082 _21ST
_a362.10681
_b1
100 _aROBERT A.MCLEAN
_92798
245 _aFINANCIAL MANAGEMENT IN HEALTH CARE ORGANIZATIONS
250 _a1ST
260 _aALBANY
_bDELMAR PUBLISHERS
_c1997
942 _2ddc
_cBOOKS
_n0
999 _c3062
_d3062